[Event "37th Rilton Cup"]
[Site "Stockholm SWE"]
[Date "2008.01.04"]
[Round "8"]
[White "Henriksson,J"]
[Black "Sisatto,O"]
[Result "1-0"]
[WhiteElo "2241"]
[BlackElo "2264"]

1.d4 d5 2.Nf3 c5 3.c4 dxc4 4.e4 Nf6 5.e5 Nd5 6.Bxc4 e6 7.O-O Nc6 8.Nc3 Nxc3
9.bxc3 Be7 10.Qd3 cxd4 11.cxd4 Nb4 12.Qe4 Bd7 13.Qg4 Qc7 14.Qxg7 O-O-O 15.Qxf7 Qxc4
16.Qxe7 Bc6 17.Bf4 Nd3 18.Bg3 Bxf3 19.gxf3 Rhg8 20.Qxh7 Rh8 21.Qe4 Rxd4 22.Qe3 Kb8
23.Rfd1 Rhd8 24.Rd2 Ka8 25.Rad1 a6 26.h4 R4d5 27.h5 Nb4 28.Rxd5 Nxd5 29.Qg5 Qc8
30.h6 Rg8 31.Qh4 Qc2 32.Rd4 Rh8 33.Rg4 Qc1+ 34.Kg2 Rxh6 35.Qd8+ Ka7 36.Rh4 Rg6
37.Qe8 Ne3+ 38.fxe3 Qc2+ 39.Kh3 Qf5+ 40.Rg4 Rh6+ 41.Kg2 Qc2+ 42.Bf2 Rh2+
43.Kxh2 Qxf2+ 44.Kh3 Qxf3+ 45.Kh4 Qf2+ 46.Kh5 Qf5+ 47.Rg5 Qh7+ 48.Kg4 Qe4+
49.Kg3 Qxe3+ 50.Kh4 Qe4+ 51.Rg4 Qe1+ 52.Kh5 Qxe5+ 53.Kh6 Qf6+ 54.Rg6 Qh4+
55.Kg7 Qd4+ 56.Kg8 e5 57.Qe6 a5 58.Qd6 Qc4+ 59.Kf8 Qf4+ 60.Rf6 Qe3 61.Rf5 b6
62.Rxe5 Qf2+ 63.Ke8 Qc2 64.Kd8 Ka6 65.Qd5 Ka7 66.Qd7+ Kb8 67.Re7  1-0

[Event "6th ch-PriFO Men"]
[Site "Kazan RUS"]
[Date "2008.01.23"]
[Round "1"]
[White "Kunakbaev,I"]
[Black "Skomorokhin,R"]
[Result "0-1"]
[WhiteElo "2111"]
[BlackElo "2378"]

1.d4 d5 2.c4 dxc4 3.Nf3 a6 4.a4 Nf6 5.e3 Bg4 6.Bxc4 e6 7.O-O Nc6 8.Nc3 Bb4
9.Be2 O-O 10.h3 Bh5 11.Qb3 Qe7 12.Na2 Bd6 13.Bd2 Ne4 14.Be1 Ng5 15.Nxg5 Bxe2
16.Qc2 Qxg5 17.Qxe2 e5 18.d5 Ne7 19.e4 f5 20.Nc3 f4 21.Qg4 Qf6 22.f3 h6 23.Bf2 g5
24.Rac1 Kf7 25.Rfd1 Qg6 26.h4 h5 27.Qxg5 Qh7 28.Kf1 Rg8 29.Ke2 Rxg5 30.hxg5 Rg8
31.Rh1 Rxg5  0-1

[Event "IMB1"]
[Site "Marianske Lazne CZE"]
[Date "2008.01.25"]
[Round "9"]
[White "Kozhuharov,S"]
[Black "Thorfinnsson,Bj"]
[Result "0-1"]
[WhiteElo "2456"]
[BlackElo "2364"]

1.d4 d5 2.c4 dxc4 3.Nf3 a6 4.e3 Nf6 5.Bxc4 e6 6.O-O b5 7.Bd3 Bb7 8.a4 b4
9.Nbd2 c5 10.e4 Nbd7 11.e5 Nd5 12.Nc4 h6 13.Re1 Rc8 14.a5 Be7 15.Bd2 cxd4
16.Nxd4 Nc5 17.Bc2 Rc7 18.Qg4 Kf8 19.Rad1 h5 20.Qe2 Rd7 21.Nb3 g6 22.Nxc5 Bxc5
23.Ba4 Rc7 24.Nb6 Kg7 25.Nxd5 Bxd5 26.Be3 Bxe3 27.Qxe3 Qe7 28.Bb3 Bxb3 29.Qxb3 Rb8
30.Rd6 Rb5 31.Rxa6 Rxe5 32.Rd1 Qc5 33.Rf1 Qc2 34.Qg3 Qe2 35.f4 Re3 36.Qf2 Rc2
37.Rb6 Qxf2+ 38.Rxf2 Re1+ 39.Rf1 Ree2  0-1

[Event "6th ch-PriFO Men"]
[Site "Kazan RUS"]
[Date "2008.01.27"]
[Round "5"]
[White "Matveeva,O"]
[Black "Konovalov,Vi"]
[Result "1/2-1/2"]
[WhiteElo "2175"]
[BlackElo "2071"]

1.d4 d5 2.c4 dxc4 3.Nf3 a6 4.e3 Bg4 5.Bxc4 e6 6.Nc3 Nd7 7.O-O Nb6 8.Be2 Nf6
9.Ne5 Bxe2 10.Qxe2 Bd6 11.e4 Nfd7 12.f4 Bxe5 13.dxe5 Qe7 14.a4 Rd8 15.a5 Nc8
16.Be3 O-O 17.Qc4 c6 18.Na4 Rfe8 19.Qb3 f6 20.Qxb7 fxe5 21.Qxa6 exf4 22.Bxf4 e5
23.Be3 Qb4 24.Qxc6 Nb8 25.Qc2 Nd6 26.Nb6 Na6 27.Ra4 Qb5 28.Bg5 Rf8 29.Raa1 Rxf1+
30.Rxf1 Re8 31.Qf2 h6 32.Be7 Nxe4 33.Qf7+ Kh7 34.Bf8 Rxf8 35.Qxf8 Nf6 36.Qa3 e4
37.Qc3 Nb4 38.Nc4 Qc5+ 39.Ne3 Qxa5 40.Nf5 Qb6+ 41.Qe3 Qe6 42.Qa7 Nd7 43.Nd4 Qe8
44.Qa5 Nd3 45.Qf5+ Kh8 46.Ne6 N3e5 47.b4 Qe7 48.b5 e3 49.Nd4 e2 50.Nxe2 Qc5+
51.Kh1 Qxb5 52.Nd4 Qd5 53.Rc1 g6 54.Rc8+ Kh7 55.Qf2 Qd6 56.h3 h5  1/2-1/2

[Event "FSGM February"]
[Site "Budapest HUN"]
[Date "2008.02.08"]
[Round "7"]
[White "Farago,I"]
[Black "Arngrimsson,D"]
[Result "1-0"]
[WhiteElo "2475"]
[BlackElo "2359"]

1.d4 d5 2.c4 dxc4 3.Nf3 a6 4.e3 b5 5.a4 Bb7 6.b3 e6 7.bxc4 b4 8.Bd3 c5 9.O-O Nf6
10.Bb2 Be7 11.Nbd2 O-O 12.Qc2 h6 13.Rad1 Nbd7 14.e4 cxd4 15.e5 Nh5 16.Bh7+ Kh8
17.Be4 Qc7 18.Bxb7 Qxb7 19.Nb3 f6 20.Rxd4 Nxe5 21.Nxe5 fxe5 22.Re4 Qc6 23.a5 Rf4
24.Rfe1 Rd8 25.g3 Rxe4 26.Qxe4 Qxe4 27.Rxe4 Rd3 28.Re3 Rxe3 29.fxe3 Bd6 30.c5 Bc7
31.c6 Nf6 32.Nc5 Nd5 33.e4 Ne7 34.Nxa6 Bxa5 35.c7 Kg8 36.Kf2 Kf7 37.Bxe5 b3
38.Ke2 g6 39.Kd3 Nc8 40.Kc4 Ke7 41.Kxb3 Bb6 42.Kc4 Kd7 43.Kb5 h5 44.Nb8+ Ke8
45.Kc6  1-0

[Event "FSGM February"]
[Site "Budapest HUN"]
[Date "2008.02.09"]
[Round "8"]
[White "Prohaszka,P2"]
[Black "Mihok,O"]
[Result "1/2-1/2"]
[WhiteElo "2495"]
[BlackElo "2351"]

1.d4 d5 2.c4 dxc4 3.Nf3 c5 4.e3 cxd4 5.Bxc4 Qc7 6.Bb3 dxe3 7.Bxe3 e6 8.O-O Nf6
9.Nc3 Bd7 10.Rc1 Nc6 11.Nb5 Qa5 12.Nd6+ Bxd6 13.Qxd6 Rd8 14.Rc5 Qa6 15.Qg3 Rg8
16.Nd2 b6 17.Rcc1 Ne7 18.Bg5 h6 19.Be3 Nf5 20.Qf3 Ke7  1/2-1/2

[Event "FSGM April"]
[Site "Budapest HUN"]
[Date "2008.04.11"]
[Round "7"]
[White "Sammalvuo,T"]
[Black "Kahn,E"]
[Result "1-0"]
[WhiteElo "2458"]
[BlackElo "2358"]

1.Nf3 d5 2.d4 c5 3.c4 dxc4 4.Nc3 cxd4 5.Qxd4 Qxd4 6.Nxd4 e6 7.Ndb5 Na6 8.e4 Bd7
9.Bxc4 Rc8 10.Be2 Nb4 11.Nxa7 Rxc3 12.bxc3 Nc2+ 13.Kd2 Nxa1 14.Bb2 Bc5 15.Nb5 Bxf2
16.Nd6+ Ke7 17.Ba3 b6 18.Nb7+ Kf6 19.Rf1 Kg6 20.Rxf2 Nf6 21.Bd3 e5 22.Kc1 Ra8
23.Kb2 Ne8 24.Nd6 Nxd6 25.Bxd6 Be6 26.Bb1  1-0

[Event "ch-NED w"]
[Site "Hilversum NED"]
[Date "2008.04.13"]
[Round "9"]
[White "Lanchava,T"]
[Black "Peng Zhaoqin"]
[Result "1/2-1/2"]
[WhiteElo "2365"]
[BlackElo "2465"]

1.d4 d5 2.c4 dxc4 3.Nf3 c5 4.e3 e6 5.Bxc4 Nf6 6.O-O a6 7.a4 Nc6 8.Qe2 Qc7
9.Rd1 Be7 10.e4 cxd4 11.e5 Nd5  1/2-1/2

[Event "26th Metz Open"]
[Site "Metz St Symphorien FRA"]
[Date "2008.04.20"]
[Round "2"]
[White "Savchenko,S"]
[Black "Taddei,B"]
[Result "1-0"]
[WhiteElo "2560"]
[BlackElo "2297"]

1.Nf3 d5 2.d4 c5 3.c4 dxc4 4.d5 e6 5.Nc3 a6 6.a4 Nf6 7.e4 Nxe4 8.Nxe4 exd5
9.Nc3 Be6 10.g3 Nc6 11.Bg2 Be7 12.O-O O-O 13.Re1 Bf6 14.Bf4 Nb4 15.Ne5 Re8
16.h4 Bxe5 17.Rxe5 d4 18.Ne4 Nd3 19.Rh5 f5 20.Ng5 Bd5 21.Bxd5+ Qxd5 22.Rxh7 g6
23.h5 Re4 24.Nxe4 fxe4 25.hxg6 Rf8 26.Qg4 Rf5 27.Qh4  1-0

[Event "IX EICC"]
[Site "Plovdiv BUL"]
[Date "2008.04.30"]
[Round "9"]
[White "Kuzubov,Y"]
[Black "Heberla,B"]
[Result "1/2-1/2"]
[WhiteElo "2603"]
[BlackElo "2509"]

1.d4 d5 2.c4 dxc4 3.Nf3 a6 4.e3 b5 5.a4 Bb7 6.b3 e6 7.axb5 axb5 8.Rxa8 Bxa8
9.bxc4 bxc4 10.Qa4+ Nd7 11.Ne5 Nf6 12.Bxc4 Bxg2 13.Rg1 Qa8 14.Bb5 Qxa4 15.Bxa4 Bb7
16.f3 Bb4+ 17.Bd2 Bxd2+ 18.Nxd2 g6 19.Nb3 Ke7 20.Bxd7 Nxd7 21.Nxd7 Kxd7 22.Nc5+ Kc8
23.Kf2 Rd8 24.Rg4 Rd5 25.Rh4 h5 26.Rf4 Rf5 27.Rxf5 exf5 28.h4 Bd5 29.e4 fxe4
30.fxe4 Bc4 31.Kf3 Kd8 32.Kf4 f6 33.e5 Ke7  1/2-1/2

[Event "FSGM May"]
[Site "Budapest HUN"]
[Date "2008.05.11"]
[Round "9"]
[White "Prohaszka,P2"]
[Black "Varga,Zo"]
[Result "1-0"]
[WhiteElo "2506"]
[BlackElo "2496"]

1.d4 d5 2.c4 dxc4 3.Nf3 a6 4.e3 e6 5.Bxc4 b5 6.Bd3 Bb7 7.O-O Nf6 8.Qe2 Nbd7
9.a4 b4 10.e4 c5 11.d5 exd5 12.exd5+ Qe7 13.Qc2 Ne5 14.Nxe5 Qxe5 15.Nd2 Bd6
16.Nf3 Qh5 17.Re1+ Kf8 18.Bg5 Bxd5 19.Bxf6 gxf6 20.Be4 Rg8 21.Qd3 Qg4 22.Nd2  1-0

[Event "XXVII Open"]
[Site "Zalakarosi HUN"]
[Date "2008.05.22"]
[Round "1"]
[White "Berczes,D"]
[Black "Feher,Ad"]
[Result "1-0"]
[WhiteElo "2453"]
[BlackElo "2153"]

1.d4 d5 2.c4 dxc4 3.Nf3 c5 4.e3 cxd4 5.Bxc4 Qc7 6.Bb3 dxe3 7.Bxe3 e6 8.O-O Nf6
9.Nc3 Bd7 10.Rc1 Nc6 11.Nb5 Qa5 12.Nd6+ Bxd6 13.Qxd6 Nd5 14.Bxd5 Qxd5 15.Qg3 O-O-O
16.Bxa7 e5 17.Nxe5 Qa5 18.Ng6  1-0

[Event "XXVII Open"]
[Site "Zalakarosi HUN"]
[Date "2008.05.26"]
[Round "5"]
[White "Zsinka,L"]
[Black "Feher,Ad"]
[Result "1/2-1/2"]
[WhiteElo "2320"]
[BlackElo "2153"]

1.d4 d5 2.c4 dxc4 3.Nf3 c5 4.e3 cxd4 5.exd4 Be6 6.Nc3 Nf6 7.Ne5 Nc6 8.Nxc6 bxc6
9.Qa4 Qd7 10.Bxc4 Bxc4 11.Qxc4 e6 12.O-O Be7 13.b4 O-O 14.Rb1 Rfd8 15.Be3 Nd5
16.Rfc1 Rab8 17.a3 Nxc3 18.Rxc3 a5 19.Qxc6 Qxc6 20.Rxc6 axb4 21.axb4 Rxb4
22.Rxb4  1/2-1/2

[Event "XVI Lasker Mem Open A"]
[Site "Barlinek POL"]
[Date "2008.05.31"]
[Round "1"]
[White "Klim,K"]
[Black "Voloshin,L"]
[Result "0-1"]
[WhiteElo "2179"]
[BlackElo "2434"]


1.d4 d5 2.c4 dxc4 3.Nf3 a6 4.e3 Nf6 5.Bxc4 e6 6.a4 c5 7.O-O Nc6 8.Qe2 cxd4
9.Rd1 Be7 10.exd4 O-O 11.Nc3 Nb4 12.Ne5 Nfd5 13.Be3 Bd7 14.Ne4 Bc6 15.Nxc6 bxc6
16.a5 Nc7 17.Nc5 Bxc5 18.dxc5 Nbd5 19.f4 Qf6 20.Bd4 Qxf4 21.Ra3 Nb5 22.Be5 Qh6
23.Rg3 f6 24.Rh3 Qg5 25.Rh5 Qg6 26.Bd3 f5 27.Rh3 Qf7 28.Rg3 Nf6 29.Bc4 Rfe8
30.Rf1 g6 31.Rxf5 exf5 32.Bxf7+ Kxf7 33.Qc4+ Nd5 34.Qh4 Kg8 35.Rh3 Ra7 36.Bd6 Rd7
37.Rf3 Re6 38.h3 Kg7 39.Rf1 Re4 40.Qg3 Kf7 41.Qf3 Kg8 42.Qd3 Rd8 43.Qg3 Kf7
44.Qg5 Rde8 45.h4 Nf6 46.h5 Rg4 47.hxg6+ hxg6 48.Qd2 Nd4 49.Qd3 Ne2+ 50.Kf2 Ne4+
51.Kf3 Nd4+ 52.Ke3 Nxc5+  0-1

[Event "TCh-BIH w"]
[Site "Neum BIH"]
[Date "2008.06.09"]
[Round "6"]
[White "Urosevic,M"]
[Black "Madl,I"]
[Result "0-1"]
[WhiteElo "2114"]
[BlackElo "2379"]

1.d4 d5 2.Nf3 c5 3.c4 dxc4 4.e3 cxd4 5.exd4 Be6 6.Nc3 Nf6 7.Ng5 Bd5 8.Nxd5 Qxd5
9.Qf3 e6 10.Qc3 Nc6 11.a3 Qxd4 12.Qxc4 Bc5 13.Qxd4 Nxd4 14.Bd3 Nb3 15.Rb1 Rd8
16.Bb5+ Ke7 17.O-O Rd5 18.Nf3 Bxf2+ 19.Rxf2 Rxb5 20.Bg5 Rc8 21.Rd1 h6 22.Bxf6+ gxf6
23.h3 Rc1 24.Rxc1 Nxc1 25.Rd2 Nb3 26.Rc2 Rc5 27.Re2 a5 28.Kf2 f5 29.Ne1 Rd5
30.Nf3 a4 31.Rc2 Rc5 32.Re2 f6 33.Kg3 Rc4 34.Kf2 f4 35.Ne1 Nd4 36.Rd2 e5
37.Nd3 Rc2 38.Rxc2 Nxc2 39.Kf3 Kd6 40.Ke4 Ne3 41.g4 b6 42.Nb4 Ke6 43.Nd3 Nc4
44.Kf3 f5 45.Kf2 fxg4 46.hxg4 Kd5  0-1

[Event "IM"]
[Site "Danang VIE"]
[Date "2008.06.13"]
[Round "5"]
[White "Nava,R"]
[Black "Zaw Win Lay"]
[Result "1/2-1/2"]
[WhiteElo "2345"]
[BlackElo "2574"]

1.d4 d5 2.Nf3 a6 3.c4 dxc4 4.a4 Nf6 5.e3 e6 6.Bxc4 c5 7.O-O Nc6 8.Qe2 cxd4
9.Rd1 Be7 10.Nc3 O-O 11.exd4 Nb4 12.Bg5 Nfd5 13.Nxd5 Nxd5 14.Bxd5 Bxg5 15.Be4 Bf6
16.Ne5 g6 17.a5 Bg7 18.g3 Rb8 19.f4  1/2-1/2

[Event "Ladoga Summer"]
[Site "Novaya Ladoga RUS"]
[Date "2008.07.07"]
[Round "7"]
[White "Sysolyatin,E"]
[Black "Mishuchkov,N"]
[Result "1/2-1/2"]
[WhiteElo "2335"]
[BlackElo "2371"]

1.d4 d5 2.c4 dxc4 3.Nf3 a6 4.e4 b5 5.Be2 Bb7 6.e5 e6 7.O-O Ne7 8.Nc3 h6 9.a4 b4
10.Na2 c5 11.dxc5 Nbc6 12.Bxc4 Nf5 13.Bd3 Bxc5 14.Qd2 Ncd4 15.Nxd4 Qxd4 16.Bxf5 exf5
17.Qf4 Qd5 18.Qf3 O-O 19.Qg3 Kh7 20.Bf4 Rad8 21.Nc1 g5 22.Be3 Bxe3 23.fxe3 Rfe8
24.Ne2 Qxe5 25.Rf2 Qxb2 26.Raf1  1/2-1/2

[Event "Maestro Open"]
[Site "Berdsk RUS"]
[Date "2008.07.08"]
[Round "1"]
[White "Lesin,D"]
[Black "Piass,I"]
[Result "0-1"]
[WhiteElo "2258"]
[BlackElo "1954"]

1.d4 d5 2.c4 dxc4 3.Nf3 a6 4.e4 b5 5.a4 Bb7 6.e5 e6 7.Be2 Ne7 8.O-O Nd5 9.b3 Nd7
10.bxc4 bxc4 11.Bxc4 c5 12.a5 Be7 13.Nbd2 cxd4 14.Re1 O-O 15.Nxd4 Bb4 16.Ba3 Bxa3
17.Rxa3 Qc7 18.Qh5 Nf4 19.Qg4 Ng6 20.Nxe6 fxe6 21.Bxe6+ Kh8 22.Rh3 Nf4 23.Bxd7 Nxh3+
24.Qxh3 Qxa5 25.Qd3 Bc8 26.e6 Bxd7 27.e7 Rfe8 28.Qxd7 Qb5 29.Qd6 Ra7 30.Nf1 Qd7
31.Qf4 h6 32.Qf8+ Kh7 33.h3 Rxe7 34.Rc1 Rf7 35.Qb8 Rb7 36.Qa8 Qf5 37.f3 Rbe7
38.Qb8 Qb5 39.Qc8 Qb6+ 40.Kh1 Rc7 41.Rxc7 Qxc7 42.Qxa6 Rd7 43.Qe2 Re7 44.Qd3+ Kg8  0-1

[Event "Heart of Finland"]
[Site "Jyvaskyla FIN"]
[Date "2008.07.13"]
[Round "4"]
[White "Karttunen,M"]
[Black "Kivimaki,J"]
[Result "1-0"]
[WhiteElo "2418"]
[BlackElo "2187"]

1.d4 d5 2.Nf3 c5 3.c4 dxc4 4.e4 cxd4 5.Qxd4 Qxd4 6.Nxd4 Bd7 7.Bxc4 Nc6 8.Nxc6 Bxc6
9.Nc3 Rc8 10.Be3 e6 11.Bd3 a6 12.Rc1 Nf6 13.f3 Nd7 14.Kf2 Bc5 15.Rhd1 Bxe3+
16.Kxe3 Ke7 17.b4 Rhd8 18.f4 f6 19.Bc4 Nb6 20.Bb3 Rxd1 21.Nxd1 Bb5 22.Rxc8 Nxc8
23.Kd4 Bc6 24.g4 g5 25.fxg5 e5+ 26.Kc5 Bxe4 27.Bd5 Bxd5 28.Kxd5 Nb6+ 29.Ke4 Ke6
30.gxf6 Kxf6 31.h4 Ke6 32.Ne3 Na4 33.a3 Nc3+ 34.Kd3 Nb5 35.a4 Nc7 36.g5 b5
37.axb5 axb5 38.Ke4 Na6 39.Nd5 Nb8 40.h5 Nc6 41.Nc7+ Kf7 42.Na6 Ke6 43.Nc5+ Kf7
44.Nd3 Ke6 45.h6 Kd6 46.g6 Ne7 47.gxh7 Ng6 48.Nxe5 Nh8 49.Kf5 Kd5  1-0

[Event "Maestro Open"]
[Site "Berdsk RUS"]
[Date "2008.07.16"]
[Round "9"]
[White "Potseluev,S2"]
[Black "Samborsky,V"]
[Result "1/2-1/2"]
[WhiteElo "1973"]
[BlackElo "2121"]

1.d4 d5 2.c4 dxc4 3.Nf3 a6 4.a4 Nf6 5.e3 Bg4 6.Bxc4 e6 7.O-O Nbd7 8.Qe2 Bd6
9.e4 e5 10.d5 Nb6 11.b3 h6 12.h3 Bd7 13.Bb2 Qe7 14.Ne1 g5 15.a5 Nc8 16.Nd3 Na7
17.Na3 h5 18.b4 h4 19.f3 Nh5 20.Rfc1 Nf4 21.Qe3 Nxd3 22.Bxd3 f6 23.Kh1 O-O
24.Qe2 Qe8 25.Bc3 Rc8 26.Rab1 Kf7 27.Be1 Qe7  1/2-1/2

[Event "19th Czech Chladek & Tintera A Open"]
[Site "Pardubice CZE"]
[Date "2008.07.22"]
[Round "5"]
[White "Hracek,Z"]
[Black "Biriukov,O"]
[Result "1/2-1/2"]
[WhiteElo "2625"]
[BlackElo "2391"]

1.d4 d5 2.c4 dxc4 3.Nf3 a6 4.e3 b5 5.a4 Bb7 6.b3 e6 7.bxc4 bxc4 8.Bxc4 Nf6
9.Nc3 c5 10.Rb1 Ra7 11.O-O Be7 12.Ne5 Nbd7 13.Rxb7 Rxb7 14.Bxa6 Rb6 15.Bb5 Qc7
16.Nxd7 Nxd7 17.dxc5 Bxc5 18.Ne4 Bd6 19.Bxd7+ Qxd7 20.Qd4 Bxh2+ 21.Kxh2 Qxd4
22.exd4 Rb4 23.Ba3 Rxd4 24.Nd6+ Kd7 25.Nxf7 Ra8 26.Bb2 Rh4+ 27.Kg1 Ke7 28.Ne5 Rhxa4
29.Rc1 Ke8 30.Nf3 R4a7 31.Rc6 Rb7 32.Be5 Ra2 33.Rxe6+ Kd7 34.Rd6+ Ke7 35.Rd1 Kf7
36.g3 h6 37.Rd6 Re7 38.Kg2 Kg8 39.Bd4 Kh7 40.g4 Ra4 41.g5 Ra8 42.gxh6 gxh6
43.Nh4 Rg8+ 44.Kh3 Rf7 45.Be3 Rg5 46.Ra6 Kg7 47.Bd4+ Kh7 48.Ra8 Rg8 49.Rxg8 Kxg8
50.Kg4 Kh7 51.f4 Rd7 52.Be5 Rd1 53.f5 Rg1+ 54.Kf4 h5 55.f6  1/2-1/2

[Event "Politiken Cup"]
[Site "Helsingor DEN"]
[Date "2008.07.23"]
[Round "6"]
[White "Olsen,H"]
[Black "Schultz Pedersen,J"]
[Result "1/2-1/2"]
[WhiteElo "2368"]
[BlackElo "2165"]

1.Nf3 d5 2.d4 c5 3.c4 dxc4 4.e4 e6 5.Nc3 a6 6.Bxc4 cxd4 7.Nxd4 Bd7 8.O-O Nc6
9.Nxc6 Bxc6 10.Qe2 Nf6 11.Rd1 Qa5 12.Bf4 Qh5 13.f3 Bc5+ 14.Kh1 O-O 15.a3 Rfd8
16.Bc7 Rd7 17.Rxd7 Nxd7 18.Qd2 Rc8 19.Bg3 Be7 20.Rd1 h6 21.b4 Nb6 22.Be2 Na4
23.Rc1 Nxc3 24.Rxc3 Rd8 25.Qe3 Bb5 26.Rc2 Bxe2 27.Qxe2 Qb5 28.Bf2 Qxe2 29.Rxe2 Rd3
30.Re3 Rd1+ 31.Re1 Rd2 32.Kg1 Ra2 33.Bc5 Bxc5+ 34.bxc5 Rxa3 35.Rb1 Rc3 36.Rxb7 Rxc5
37.Ra7 a5 38.h4 g6 39.Kf2 Rc2+ 40.Kg3 Ra2 41.Kh3 Kg7 42.e5 a4 43.Ra8 a3 44.Kg3 Ra1
45.Kh2 a2 46.Kg3 f5 47.Ra7+ Kf8 48.f4 Ke8 49.Ra8+ Kd7 50.Ra7+ Kc6 51.Ra6+ Kb5
52.Ra8 Kc4 53.Rc8+ Kd3 54.Rd8+ Ke2 55.Ra8 Kf1 56.Kh2 h5 57.Ra3 Kf2 58.Rf3+ Ke2
59.Ra3 Kd2 60.Kg3 Kc2 61.Ra8 Kc3 62.Rc8+ Kd4 63.Ra8  1/2-1/2

[Event "9th Epetium Open"]
[Site "Stobrec CRO"]
[Date "2008.07.27"]
[Round "2"]
[White "Ivic,Mi"]
[Black "Vrankovic,I"]
[Result "0-1"]
[WhiteElo "1446"]
[BlackElo "1776"]

1.d4 d5 2.c4 dxc4 3.Nf3 c5 4.Qa4+ Nc6 5.dxc5 Qd5 6.e4 Qxe4+ 7.Be3 Nf6 8.Nc3 Qe6
9.Bxc4 Qd7 10.Rd1 Qc7 11.Ng5 e6 12.Nb5 Qb8 13.Nd6+ Bxd6 14.Rxd6 O-O 15.O-O h6
16.Nf3 Bd7 17.b4 Ne5 18.b5 Nxf3+ 19.gxf3 a6 20.Rxd7 Nxd7 21.bxa6 Ne5 22.Be2 bxa6
23.Bf4 Qb2 24.Qe4 Ng6 25.Bd6 Rfe8 26.Bc4 Qf6 27.Kh1 Nh4 28.Bd3 Qxf3+ 29.Qxf3 Nxf3
30.Be4 Nd2 31.Bxa8 Nxf1 32.Bc6 Rd8 33.Bb7 a5 34.Kg2 Nd2 35.Bc7 Rd7 36.Bxa5 Rxb7
37.Bxd2 Rb2 38.Bf4 Rxa2 39.c6 Rc2 40.c7 Kf8 41.Kf3 Ke8 42.Bg3 Kd7 43.h4 Rxc7
44.Bxc7 Kxc7 45.Ke4 Kd6 46.f4 f5+ 47.Kd4 h5 48.Ke3 Kc5 49.Kd3 Kd5 50.Ke3 Kc4
51.Kf2 Kd4 52.Kf3 Kd3 53.Kf2 Ke4 54.Kg3 Ke3  0-1

[Event "III Open"]
[Site "Oviedo ESP"]
[Date "2008.07.28"]
[Round "6"]
[White "Blazquez Lopez,B"]
[Black "Alvarez Fernandez,E"]
[Result "0-1"]
[WhiteElo "2116"]
[BlackElo "2358"]

1.d4 d5 2.Nf3 c5 3.c4 dxc4 4.e3 e6 5.Bxc4 Nf6 6.O-O a6 7.Bb3 Nc6 8.Nc3 Be7
9.dxc5 Qxd1 10.Rxd1 Bxc5 11.Bd2 Ke7 12.Rac1 Ba7 13.Na4 Ne4 14.Be1 Bd7 15.Nd4 Nxd4
16.exd4 Rac8 17.Bb4+ Kf6 18.Nc5 Bc6 19.f3 Nxc5 20.dxc5 Rhd8 21.Rxd8 Rxd8
22.Rd1 Rxd1+ 23.Bxd1 Bd5 24.a3 e5 25.Kf1 Ke6 26.Bc2 g6 27.a4 f5 28.Ba3 Bc4+
29.Ke1 a5 30.b3 Bd5 31.Kd2 e4 32.Ke2 exf3+ 33.gxf3 Kd7 34.h4 Kc6 35.h5 Bxc5
36.Bc1 Be6 37.hxg6 hxg6 38.Kd3 Bd5 39.Bd1 b5 40.axb5+ Kxb5 41.Kc3 Kc6 42.Bf4 Bb4+
43.Kd4 Ba3 44.Bd2 Bb2+ 45.Kd3 Kb5 46.Kc2 Bf6 47.Be2+ Kb6 48.Be3+ Kc6 49.Bd2 Bd8
50.Bd1 Be6 51.Kd3 Kb5 52.Kc3 g5 53.Kd3 Bf6 54.Bc2 g4 55.fxg4 fxg4 56.Ke4 Bd8
57.Ke3 Bg5+ 58.Ke2 Bxd2 59.Kxd2 g3 60.Ke2 Bd5  0-1

[Event "1st Masters"]
[Site "Chambery FRA"]
[Date "2008.08.03"]
[Round "2"]
[White "Brunner,N"]
[Black "Horvath,Jo1"]
[Result "1-0"]
[WhiteElo "2429"]
[BlackElo "2551"]

1.d4 d5 2.c4 dxc4 3.Nf3 c5 4.d5 e6 5.e4 Nf6 6.Nc3 exd5 7.e5 Ne4 8.Qxd5 Nxc3
9.Qxd8+ Kxd8 10.bxc3 Nc6 11.Bxc4 Be6 12.Bxe6 fxe6 13.Ng5 Kd7 14.Be3 Nxe5
15.O-O-O+ Kc6 16.Nxe6 Re8 17.Nd8+ Kb6 18.Rd5 Ng4 19.Nf7 Rg8 20.Re1 g6 21.h3 Nxe3
22.Rxe3 Rxe3 23.fxe3 Bg7 24.c4 Re8 25.Kd2 Kc6 26.Kd3 a6 27.a4 Re7 28.Ng5 b5
29.axb5+ axb5 30.e4 h6 31.cxb5+ Kxb5 32.Nf3 Kb4 33.Nd2 Ra7 34.Rd6 Ra3+ 35.Ke2 Rg3
36.Kf2 Be5 37.Rb6+ Kc3 38.Nf3 Bf4 39.e5 Rxf3+ 40.Kxf3 Bxe5 41.Ke4 Bh2 42.Rxg6 c4
43.Rxh6 Kd2 44.Rc6 c3 45.h4 c2 46.h5  1-0

[Event "12th HZ Open"]
[Site "Vlissingen NED"]
[Date "2008.08.07"]
[Round "7"]
[White "Sandipan,C"]
[Black "Sprangers,R"]
[Result "1-0"]
[WhiteElo "2588"]
[BlackElo "2217"]

1.d4 d5 2.c4 dxc4 3.Nf3 a6 4.e3 b5 5.a4 Bb7 6.b3 cxb3 7.axb5 axb5 8.Rxa8 Bxa8
9.Bxb5+ Nd7 10.d5 Nf6 11.Ne5 e6 12.dxe6 fxe6 13.Nxd7 Nxd7 14.Qh5+ g6 15.Qe5 Kf7
16.Bxd7 Qxd7 17.Qxh8 Bxg2 18.Qxh7+ Bg7 19.Bb2  1-0

[Event "44th Rubinstein Mem Open A"]
[Site "Polanica Zdroj POL"]
[Date "2008.08.25"]
[Round "7"]
[White "Nowak,Mal"]
[Black "Bartel,Mi"]
[Result "1/2-1/2"]
[WhiteElo "2052"]
[BlackElo "2266"]

1.d4 d5 2.c4 dxc4 3.Nf3 a6 4.a4 Bg4 5.Ne5 Bh5 6.Nxc4 e6 7.Qd2 Nf6 8.Nc3 Bb4
9.e3 Nbd7 10.Bd3 O-O 11.O-O c5 12.Qc2 Rc8 13.Qb3 Qe7 14.a5 Rfd8 15.Na2 cxd4
16.Qxb4 Qxb4 17.Nxb4 Nc5 18.Nb6 Rc7 19.Ra3 Nxd3 20.Nxd3 dxe3 21.Bxe3 Be2
22.Bf4 Rc2 23.h3 Bxf1 24.Kxf1 Ne4 25.Ke1 g5 26.Be3 f5 27.g3 h6 28.Rb3 Kf7
29.Na4 Kf8 30.Nac5 Nxc5 31.Nxc5 Rd5 32.Nxb7 e5 33.Rb6 Kg7 34.Nd6 f4 35.Nf5+ Kf8
36.Rb8+ Kf7 37.Bb6 f3 38.Ne3 Re2+ 39.Kf1 Rdd2 40.Rb7+ Ke6 41.Bc5 Rxf2+ 42.Kg1 Rfe2
43.Re7+ Kf6 44.Ng4+ Kf5 45.Rf7+ Ke4 46.Nf2+ Kd5 47.b4 e4 48.Rd7+ Ke5 49.Ng4+ Kf5
50.Nxh6+ Ke6 51.Rxd2 Rxd2 52.Ng4 Rg2+ 53.Kf1 Rxg3 54.Nf2 Kd5 55.b5 axb5 56.a6 Kc6
57.a7 Kb7 58.Nxe4 Rxh3 59.Nd6+ Ka8 60.Nxb5 Rh7 61.Bb6 Rb7 62.Nc7+ Rxc7 63.Bxc7 Kxa7  1/2-1/2

[Event "XLII Open"]
[Site "Mislata ESP"]
[Date "2008.08.27"]
[Round "4"]
[White "Arizmendi Martinez,J"]
[Black "Mellado Trivino,J"]
[Result "1/2-1/2"]
[WhiteElo "2524"]
[BlackElo "2413"]

1.d4 d5 2.c4 dxc4 3.Nf3 c5 4.e3 cxd4 5.Bxc4 Qc7 6.Qb3 e6 7.exd4 Nc6 8.O-O Nf6
9.Nc3 a6 10.Qd1 Be7 11.Bg5 O-O 12.Qe2 Ng4 13.Be3 b5 14.Bb3 Bb7 15.Rfc1 Nxe3  1/2-1/2

[Event "2nd Euwe Stimulans"]
[Site "Sao Paulo BRA"]
[Date "2008.08.29"]
[Round "7"]
[White "El Debs,F"]
[Black "Matsuura,E"]
[Result "1/2-1/2"]
[WhiteElo "2440"]
[BlackElo "2463"]

1.Nf3 d5 2.d4 c5 3.c4 dxc4 4.e3 cxd4 5.Qxd4 Qxd4 6.Nxd4 Bd7 7.Bxc4 Nc6 8.Nxc6 Bxc6
9.f3 Rc8 10.Nc3 Bxf3 11.Bxf7+ Kxf7 12.O-O Nf6 13.Rxf3 e6 14.e4 Bc5+ 15.Be3 Bxe3+
16.Rxe3 e5 17.Rd1 Rhd8 18.Red3 Rxd3 19.Rxd3 Rc4 20.Kf2 Nxe4+ 21.Nxe4 Rxe4
22.Rd7+ Kf6 23.Rxb7 Rc4 24.Rxa7 Rc2+ 25.Kf3 Rxb2 26.Ra6+ Kg5  1/2-1/2

[Event "TCh-SRB 1st League"]
[Site "Subotica SRB"]
[Date "2008.09.01"]
[Round "1"]
[White "Jeremic,V"]
[Black "Bakic,R"]
[Result "1-0"]
[WhiteElo "2503"]
[BlackElo "2383"]

1.d4 d5 2.c4 dxc4 3.Nf3 a6 4.a4 Nf6 5.e3 c5 6.Bxc4 Nc6 7.h3 e6 8.O-O cxd4
9.exd4 Be7 10.Nc3 O-O 11.Be3 Nb4 12.Ne5 b6 13.Qf3 Rb8 14.Qg3 Nh5 15.Qf3 Nf6
16.Rfd1 Bb7 17.Qe2 Rc8 18.Rac1 Nfd5 19.Nxd5 exd5 20.Bb3 f6 21.Ng4 Qd7 22.Bd2 Nc6
23.Qd3 Na7 24.Ne3 Rfd8 25.h4 g6 26.h5 Kg7 27.hxg6 hxg6 28.Bc2 f5 29.g4 Rxc2
30.Rxc2 f4 31.Ng2 g5 32.Qf5 Qxf5 33.gxf5 Bd6 34.Ne1 Kf6 35.Nd3 Nc6 36.Rdc1 Nxd4
37.Bc3 Kxf5 38.Bxd4 Ke4 39.Bxb6 Rh8 40.Nc5+ Bxc5 41.Rxc5 d4 42.Rc7 Bd5 43.Rd7  1-0

[Event "7th Open"]
[Site "Izmir TUR"]
[Date "2008.09.03"]
[Round "6"]
[White "Gurevich,M"]
[Black "Mamedjarova,Z"]
[Result "1/2-1/2"]
[WhiteElo "1966"]
[BlackElo "2326"]

1.d4 d5 2.c4 dxc4 3.Nf3 a6 4.e3 b5 5.a4 Bb7 6.axb5 axb5 7.Rxa8 Bxa8 8.b3 e6
9.bxc4 bxc4 10.Bxc4 Nf6 11.Ne5 Bd6 12.Qa4+ Nbd7 13.Bb5 Ke7 14.Ba3 Nb6 15.Qa7 Bxa3
16.Nxa3 Qd6 17.O-O Rc8 18.Rc1 Kf8 19.Bf1 Ne8 20.Nb5 Qe7 21.Qa5 Bd5 22.Nc3 Bb7
23.e4 Ra8 24.Qc5 Qxc5 25.dxc5 Na4 26.Nxa4 Rxa4 27.f3 f6 28.c6 Bc8 29.Nd7+ Ke7
30.Nc5 Rb4 31.Nd3 Rb6 32.e5 Ba6 33.exf6+ gxf6 34.Nf4 Bxf1 35.Kxf1 Ng7 36.g4 Kd6
37.Rd1+ Kxc6 38.Rd8 e5 39.Rg8 exf4 40.Rxg7 Rb1+ 41.Ke2 Rb2+ 42.Kd3 Rxh2 43.Rf7 Rh6
44.Ke4 Kb6 45.Kxf4 c5 46.Ke4 Kc6 47.Rf8 Kd6 48.Ra8 Kc6 49.Rf8 Kd6 50.Rf7 Kc6
51.f4 Kb5 52.Kd5 Rg6 53.Rc7 Rxg4 54.Rxc5+ Kb4 55.Rc4+ Kb3 56.Re4 Kc3 57.Ke6 Kd3
58.Kf5 h5 59.Re6 Kd4 60.Re1 Rh4 61.Re2 Kd3 62.Re6 Rg4 63.Ra6 Ke3 64.Ra3+ Kf2
65.Rh3 Kg2 66.Rxh5 Kg3 67.Kxf6 Rxf4+  1/2-1/2

[Event "MCF GM"]
[Site "Kuala Lumpur MAS"]
[Date "2008.09.04"]
[Round "10"]
[White "Rahman,Zia"]
[Black "Sermek,D"]
[Result "1/2-1/2"]
[WhiteElo "2564"]
[BlackElo "2509"]

1.d4 d5 2.Nf3 c5 3.c4 dxc4 4.e3 Nf6 5.Bxc4 e6 6.O-O a6 7.Bb3 Nc6 8.Nc3 Be7
9.Qe2 cxd4 10.Rd1 e5 11.exd4 exd4 12.Be3 Bg4 13.Ba4 O-O 14.Bxc6 bxc6 15.Rxd4 Qb8
16.Rd2 Re8 17.h3 Bh5 18.Qd1 Bb4 19.Rc1 Nd5 20.Bg5 Bxc3 21.bxc3 Bxf3 22.Qxf3 Qe5
23.Qg3 h6 24.Qxe5 Rxe5 25.Bh4 Re4 26.c4 Rxh4 27.cxd5 cxd5 28.Rxd5 Ra4 29.Rc2 Ra7
30.Rdc5 g6 31.Rc8+ Kg7 32.R8c4  1/2-1/2

[Event "X Open"]
[Site "San Marti ESP"]
[Date "2008.09.04"]
[Round "4"]
[White "Garcia Riera,J"]
[Black "Ridameya Tatche,J"]
[Result "1/2-1/2"]
[WhiteElo "2022"]
[BlackElo "2133"]

1.d4 d5 2.c4 dxc4 3.Nf3 a6 4.e3 Bg4 5.Bxc4 e6 6.O-O Nc6 7.Nc3 Nf6 8.h3 Bh5
9.a3 Bd6 10.b4 O-O 11.Bb2 e5 12.d5 Nb8 13.Be2 Qe7 14.e4 Bg6 15.Nd2 Nbd7 16.Qb3 Rfd8
17.Rac1 Bh5 18.Qd1 Bg6  1/2-1/2